Epitome Exegeticae Biblicae Catholicae scripsit in usum scholarum
Salvato in:
| Autore principale: | |
|---|---|
| Natura: | Libro |
| Lingua: | latino |
| Pubblicazione: |
Innsbruck
Librariae Academica Wagnerianae
1903
|
| Edizione: | 1a. ed |
| Serie: | Studium Biblicum Novi Testamenti Catholicum
|
| Soggetti: | |
| Tags: |
Aggiungi Tag
Nessun Tag, puoi essere il primo ad aggiungerne!!
|
MARC
| LEADER | 00000cam a2200000 a 4500 | ||
|---|---|---|---|
| 001 | UCD2634 | ||
| 003 | CL-VaPUC | ||
| 008 | 160505e19030000au |||||||||||||||||lat|d | ||
| 082 | 0 | 4 | |a 220.66 |b HET |2 21 |
| 100 | |a Hetzenauer, Michael |e author |9 585999 | ||
| 245 | 1 | 0 | |a Epitome Exegeticae Biblicae Catholicae scripsit in usum scholarum |
| 250 | |a 1a. ed | ||
| 300 | |a pág. irreg | ||
| 942 | |c BK | ||
| 945 | |d 20160505 16:04:00 |a dcastane | ||
| 260 | |a Innsbruck |b Librariae Academica Wagnerianae |c 1903 | ||
| 650 | 0 | |a Exégesis |9 365279 | |
| 650 | 0 | |a Biblia |9 257603 | |
| 583 | |a last modification |c 20160505 16:04:00 |k Rodrigo Vera | ||
| 490 | 0 | |a Studium Biblicum Novi Testamenti Catholicum | |
| 999 | |c 363756 |d 363754 | ||
| 952 | |0 0 |1 0 |3 erd |4 0 |6 220_660000000000000_HET_1903 |7 0 |8 X |9 476441 |a BIBTEO |b BIBTEO |c TEO_FFR |i 522988K |o 220.66 HET 1903 |p 522988K |r 2024-01-18 |w 2019-11-24 |y BK_X |z Catalogado en:20160505 |k OFM | ||